| 000 | 01498ncm0a22003731 4500 | ||
|---|---|---|---|
| 001 | RU\NLR\ONIZ\208954 | ||
| 005 | 20250624195022.0 | ||
| 010 | _a5-9565-0037-9 | ||
| 035 | _aRU\NLR\ONIZ\GALA\5000020588\20150219114044 | ||
| 035 | _a(NLR Aleph) 010889809 | ||
| 071 | 2 | 0 | _aNM 630 |
| 090 |
_a10546144 _c10546144 |
||
| 100 | _a20150219d2003 |||y0rusy50 ca | ||
| 101 | 0 | _arus | |
| 102 | _aRU | ||
| 125 | _aax | ||
| 200 | 1 |
_aИзбранное из опер и балетов _bНоты _dSelected excerpts from operas and ballets _eнетруд. перелож. [для фп.] _hВып. 2 _zeng |
|
| 210 |
_aСанкт-Петербург _cНота _d2003 |
||
| 215 |
_a59 с. _d29 см |
||
| 225 | 1 | _aФортепиано | |
| 225 | 1 | _aШкольная классика | |
| 327 | 1 | _a1. Полонез: из оперы "Евгений Онегин"; 2. Колыбельная и Ариозо Марии: из оперы "Мазепа"; 3. Танцы: из балета "Щелкунчик" | |
| 686 |
_aЩ954.2-097.1я44(28) _vLBC/SL _2rubbk |
||
| 686 |
_aЩ954.2-097.2я44(28) _vLBC/SL _2rubbk |
||
| 700 | 1 |
_9z01790 _aЧайковский _bП. И. _f1840-1893 _gПетр Ильич _4230 _7ca |
|
| 790 | 1 |
_9z01700 _aChajkovskij _bP. I. _f1840-1893 _gPyotr Il`ich _4230 _7ba |
|
| 801 | 0 |
_aRU _bNLR _c20150219 _gPSBO |
|
| 801 | 1 |
_aRU _bNLR _c20150219 _2rusmarc |
|
| 801 | 2 |
_aRU _bNLR _c20151106 |
|
| 852 |
_aNLR _bМ _jК-3/25962(2) _p280230 _t1 |
||
| 942 | _cSCORE | ||
| 980 | _aNB | ||
| 980 | _aONIZ | ||